Music Quiz

Random Music or Song Quiz
Score 0/100 Timer 10:00
2 Plays Today
Song Artist % Correct
Hotel CaliforniaEagles
95.3%
New Kid in TownEagles
95.3%
Dancing QueenABBA
94.8%
Knowing Me, Knowing YouABBA
94.8%
DreamsFleetwood Mac
81.8%
Don't StopFleetwood Mac
81.8%
Go Your Own WayFleetwood Mac
81.8%
Sir DukeStevie Wonder
78.1%
I WishStevie Wonder
78.1%
BarracudaHeart
77.9%
Feels Like the First TimeForeigner
77.6%
Cold as IceForeigner
77.6%
Walk This WayAerosmith
76.9%
Fly Like an EagleSteve Miller Band
75.9%
Tonight's The Night (Gonna Be Alright)Rod Stewart
75.8%
Jet AirlinerSteve Miller Band
74.9%
MargaritavilleJimmy Buffett
74.2%
Carry On Wayward SonKansas
73.7%
Evergreen (Love Theme from 'A Star Is Born')Barbra Streisand
73.4%
My Heart Belongs to MeBarbra Streisand
73.4%
Year of the CatAl Stewart
72.4%
Sorry Seems to Be the Hardest WordElton John
71.3%
Rich GirlHall & Oates
71%
Night MovesBob Seger & The Silver Bullet Band
68.8%
Blinded By The LightManfred Mann's Earth Band
67%
Telephone LineElectric Light Orchestra
65.6%
Livin' ThingElectric Light Orchestra
65.6%
Nobody Does it BetterCarly Simon
64.1%
Love So RightBee Gees
63.9%
LucilleKenny Rogers
60.5%
Muskrat LoveCaptain & Tennille
59.1%
You Make Me Feel Like DancingLeo Sayer
58.3%
When I Need YouLeo Sayer
58.3%
How Much LoveLeo Sayer
58.3%
Song Artist % Correct
I Just Want to Be Your EverythingAndy Gibb
58.3%
EasyCommodores
58.1%
Looks Like We Made ItBarry Manilow
57.9%
Weekend in New EnglandBarry Manilow
57.9%
I'm Your Boogie ManKC and the Sunshine Band
57.7%
Keep It Comin' LoveKC and the Sunshine Band
57.7%
Somebody to LoveQueen
54.8%
Star Wars (Main Title)London Symphony Orchestra & John Williams
52.6%
Lido ShuffleBoz Scaggs
50.8%
Handy ManJames Taylor
48.9%
Southern NightsGlen Campbell
44.9%
Give a Little BitSupertramp
44.1%
Car WashRose Royce
43.2%
I Wanna Get Next to YouRose Royce
43.2%
Da Doo Ron RonShaun Cassidy
41.9%
That’s Rock N' RollShaun Cassidy
41.9%
The Things We Do for Love10cc
38.8%
The Rubberband ManThe Spinners
37.8%
Got to Give it Up (Part 1)Marvin Gaye
36.5%
Don’t Give Up on UsDavid Soul
36.3%
You Don't Have to Be a Star (To Be in My Show)Marilyn McCoo & Billy Davis Jr.
33%
Enjoy YourselfThe Jacksons
32.3%
Don't Leave Me This WayThelma Houston
31%
Just A Song Before I GoCrosby, Stills & Nash
31%
I'm In YouPeter Frampton
30.6%
Heard It in a Love SongMarshall Tucker Band
29.5%
(Your Love Has Lifted Me) Higher and HigherRita Coolidge
28.2%
Strawberry Letter 23The Brothers Johnson
28%
Best of My LoveThe Emotions
27.4%
Lonely BoyAndrew Gold
25.3%
Gonna Fly Now (Theme from 'Rocky')Bill Conti
25.2%
After the Lovin'Engelbert Humperdinck
24.5%
On and OnStephen Bishop
23.9%
So Into YouAtlanta Rhythm Section
21.4%
Song Artist % Correct
Way DownElvis Presley
20.6%
Lost Without Your LoveBread
20.3%
You & MeAlice Cooper
20.2%
I Never CryAlice Cooper
20.2%
Torn Between Two LoversMary MacGregor
19.6%
Undercover AngelAlan O'Day
19.2%
Float OnThe Floaters
18.9%
Star Wars Theme/Cantina BandMeco
17.9%
Right Time of the NightJennifer Warnes
17%
Whatcha Gonna Do?Pablo Cruise
16.9%
Swayin' to the Music (Slow Dancin')Johnny Rivers
16.7%
It Was Almost Like a SongRonnie Milsap
16%
You're My WorldHelen Reddy
15.4%
Couldn't Get It RightClimax Blues Band
15.4%
Stand TallBurton Cummings
15.2%
Boogie NightsHeatwave
14.9%
I Like Dreamin'Kenny Nolan
14.7%
Love's Grown DeepKenny Nolan
14.7%
Ain't Gonna Bump No More (With No Big Fat Woman)Joe Tex
14.6%
Hot LineThe Sylvers
14.3%
High School DanceThe Sylvers
14.3%
I've Got Love on My MindNatalie Cole
14.2%
Smoke From a Distant FireSanford-Townsend Band
13.1%
Angel in Your ArmsHot
12.2%
You Made Me Believe in MagicBay City Rollers
11.5%
Don't Worry BabyB.J. Thomas
11.4%
DazzBrick
10.9%
Jeans OnDavid Dundas
10%
ArielDean Friedman
7.7%
Do You Wanna Make LovePeter McCann
7%
Cherchez La FemmeDr. Buzzard's Original Savannah Band
5.8%
Devil's GunC.J. & Company
3.6%

You're not logged in!

Compare scores with friends on all Sporcle quizzes.
OR
Log In

Sporcle TV

Today on Sporcle TV


Watch our educational content, quiz creation guides, and fun videos on Sporcle TV.

Show Comments

Extras

Top Quizzes Today


Score Distribution

Your Account Isn't Verified!

In order to create a playlist on Sporcle, you need to verify the email address you used during registration. Go to your Sporcle Settings to finish the process.

Report this User

Report this user for behavior that violates our Community Guidelines.

Details: